ბათუმის შოთა რუსთაველის სახელმწიფო უნივერსიტეტის ბიბლიოთეკა

Мцхета : Результаты археологических исследований. Т. 3. = მცხეთა : (ბიბ.ჩანაწერი № 60036)

000 -LEADER
fixed length control field 01316nam a22001697a 4500
005 - DATE AND TIME OF LATEST TRANSACTION
control field 20230531145412.0
008 - FIXED-LENGTH DATA ELEMENTS--GENERAL INFORMATION
fixed length control field 230531s1980 ru ||||| |||| 00| 0 rus d
080 ## - UNIVERSAL DECIMAL CLASSIFICATION NUMBER
Universal Decimal Classification number 902.2(479.221.1) М-70
100 ## - MAIN ENTRY--PERSONAL NAME
Personal name Иващенко, Михаил
9 (RLIN) 18361
245 ## - TITLE STATEMENT
Title Мцхета : Результаты археологических исследований. Т. 3. = მცხეთა :
Remainder of title არქეოლოგიური კვლევა–ძიების შედეგები. ტ. 3. Самтаврские погребения первых трех веков Н. Э. /
Statement of responsibility, etc. Михаил Иващенко ; [Ред. А.Апакидзе ; АН Грузии ; Ин-т истории, археологии и этнографии им. И.Джавахишвили ; Археологическая комиссия].
264 ## - PRODUCTION, PUBLICATION, DISTRIBUTION, MANUFACTURE, AND COPYRIGHT NOTICE
Place of production, publication, distribution, manufacture Тбилиси :
Name of producer, publisher, distributor, manufacturer "Мецниереба,"
Date of production, publication, distribution, manufacture, or copyright notice 1980.
300 ## - PHYSICAL DESCRIPTION
Extent 237 с. :
Other physical details табл., 30л. илл.
Dimensions 21 см.
653 ## - INDEX TERM--UNCONTROLLED
keyword საქართველოს არქეოლოგია
700 ## - ADDED ENTRY--PERSONAL NAME
Personal name Апакидзе. А.
Relator term რედაქტორი
9 (RLIN) 18362
710 ## - ADDED ENTRY--CORPORATE NAME
Corporate name or jurisdiction name as entry element АН Грузии ;
Subordinate unit Ин-т истории, археологии и этнографии им. И.Джавахишвили ; Археологическая комиссия].
9 (RLIN) 18363
942 ## - ADDED ENTRY ELEMENTS (KOHA)
Source of classification or shelving scheme
Koha item type წიგნი
ეგზემპლარები
Withdrawn status Lost status Source of classification or shelving scheme Damaged status Not for loan Permanent Location Current Location Shelving location Date acquired Cost, normal purchase price Full call number Barcode Date last seen Copy number Uniform Resource Identifier Price effective from Koha item type Public note
          ბათუმის შოთა რუსთაველის სახელმწიფო უნივერსიტეტის მთავარი ბიბლიოთეკა ბათუმის შოთა რუსთაველის სახელმწიფო უნივერსიტეტის მთავარი ბიბლიოთეკა წიგნსაცავი 2023-05-31 6.00 902.2(479.221.1) М-70 64524 2023-05-31 64524 ბსუ-ს საპატიო დოქტორის გურამ ლორთქიფანიძის საჩუქარი 2023-05-31 წიგნი 6 ლ.